[Event "World Senior 50+ 2014"]
[Site "Katerini GRE"]
[Date "2014.10.27"]
[Round "4.11"]
[White "Osmolny, Vladimir I."]
[Black "Chapman, Terry P D"]
[Result "0-1"]
[WhiteTitle "FM"]
[BlackTitle "FM"]
[WhiteElo "2154"]
[BlackElo "2304"]
[WhiteFideId "24137049"]
[BlackFideId "413399"]
[EventDate "2014.10.24"]

1. d4 d6 2. c4 e5 3. e3 Nd7 4. Nc3 g6 5. Bd3 Bg7 6. Nge2 f5 7. f3 Ngf6 8. Qc2 c6
9. Bd2 Qe7 10. O-O-O O-O 11. Rhe1 a6 12. g3 Ne8 13. h4 b5 14. h5 Nb6 15. cxb5
axb5 16. a3 Be6 17. hxg6 hxg6 18. Nb1 Qf7 19. Bc3 Bb3 20. Qd2 Nc4 21. Bxc4 Qxc4
22. dxe5 Bxd1 23. Rxd1 dxe5 24. Qc2 c5 25. b3 Qe6 26. Bb2 Nf6 27. Nec3 Rab8 28.
Nd2 Rfd8 29. Kb1 Rd7 30. Rc1 Qd6 31. Nf1 Qc6 32. Qe2 Nd5 33. e4 Nxc3+ 34. Rxc3
Rbd8 35. Ka2 fxe4 36. fxe4 Rd4 37. Re3 Rd1 38. Bc3 c4 39. Nd2 cxb3+ 40. Kxb3
R8xd2 0-1

[Event "World Senior 50+ 2014"]
[Site "Katerini GRE"]
[Date "2014.10.27"]
[Round "4.12"]
[White "Heinig, Wolfram"]
[Black "Findlay, David John"]
[Result "1-0"]
[WhiteTitle "FM"]
[WhiteElo "2296"]
[BlackElo "2162"]
[WhiteFideId "4611926"]
[BlackFideId "2400278"]
[EventDate "2014.10.24"]

1. d4 Nf6 2. c4 g6 3. Nc3 Bg7 4. e4 d6 5. Be2 O-O 6. Bg5 Nbd7 7. Qd2 c5 8. Nf3
Qa5 9. Rd1 a6 10. O-O Re8 11. Rfe1 Rb8 12. a3 cxd4 13. Nxd4 Qd8 14. Bf1 Nc5 15.
f3 Ne6 16. Be3 Bd7 17. Qf2 Qc7 18. Rc1 Nxd4 19. Bxd4 Be6 20. Nd5 Bxd5 21. cxd5
Qd7 22. Rc4 Rbc8 23. Rec1 Rxc4 24. Rxc4 Rc8 25. Qc2 Rxc4 26. Qxc4 Ne8 27. Bxg7
Kxg7 28. Kf2 Qc7 29. Qxc7 Nxc7 30. Ke3 Kf6 31. Kd4 e6 32. dxe6 Nxe6+ 33. Kd5 Ke7
34. g3 Nc7+ 35. Kd4 Kd7 36. Bc4 Ke7 37. b4 Ne6+ 38. Bxe6 fxe6 39. a4 Kd7 40. h4
Kc6 41. f4 h5 42. g4 hxg4 43. f5 exf5 44. exf5 Kd7 45. fxg6 Ke7 46. Ke4 Kf6 47.
h5 d5+ 48. Kf4 1-0

[Event "World Senior 50+ 2014"]
[Site "Katerini GRE"]
[Date "2014.10.27"]
[Round "4.14"]
[White "Frick, Christoph"]
[Black "Gamback, Bjorn"]
[Result "1/2-1/2"]
[WhiteElo "2241"]
[BlackElo "2109"]
[WhiteFideId "4607090"]
[BlackFideId "1703161"]
[EventDate "2014.10.24"]

1. d4 Nf6 2. Nf3 e6 3. e3 c5 4. Bd3 d5 5. c3 Be7 6. O-O Nbd7 7. Nbd2 O-O 8. Qe2
b6 9. e4 dxe4 10. Nxe4 Bb7 11. Rd1 Qc7 12. Bg5 Rfe8 13. Rd2 cxd4 14. cxd4 Nxe4
15. Bxe4 Bxe4 16. Qxe4 Bxg5 17. Nxg5 Nf6 1/2-1/2

[Event "World Senior 50+ 2014"]
[Site "Katerini GRE"]
[Date "2014.10.27"]
[Round "4.15"]
[White "Vardakas, Stefanos"]
[Black "Habibi, Ali"]
[Result "0-1"]
[BlackTitle "IM"]
[WhiteElo "1954"]
[BlackElo "2247"]
[WhiteFideId "4205294"]
[BlackFideId "4604393"]
[EventDate "2014.10.24"]

1. e4 d6 2. d4 Nf6 3. Nc3 g6 4. f3 Bg7 5. Be3 O-O 6. Qd2 e5 7. d5 c5 8. O-O-O b5
9. Nxb5 a6 10. Na3 Ne8 11. g4 f5 12. gxf5 gxf5 13. Bh3 f4 14. Bf2 Nd7 15. Ne2
Kh8 16. Rdg1 Rb8 17. Nc3 Rb4 18. Nd1 a5 19. Be1 Ba6 20. Qg2 Rb7 21. Bxd7 Rxd7
22. Bc3 a4 23. Nf2 Qh4 24. Nh3 Bf6 25. Qg4 Qxg4 26. Rxg4 Be2 27. Ng1 Bf1 28. h4
h5 29. Rg5 Bxg5 30. hxg5 Ng7 31. Kd2 Kh7 32. Rh2 Kg6 33. Ne2 Kxg5 34. Nc4 h4 35.
Ke1 Bxe2 36. Rg2+ Kh6 37. Kxe2 Nh5 38. Rg4 Ng3+ 39. Kf2 Kh5 40. Kg2 Nxe4 41. Be1
h3+ 42. Kxh3 Ng5+ 43. Kg2 Nxf3 0-1

[Event "World Senior 50+ 2014"]
[Site "Katerini GRE"]
[Date "2014.10.27"]
[Round "4.16"]
[White "Giulian, Philip M"]
[Black "Sand, Rolf"]
[Result "1/2-1/2"]
[WhiteTitle "FM"]
[WhiteElo "2177"]
[BlackElo "1969"]
[WhiteFideId "2400197"]
[BlackFideId "4610334"]
[EventDate "2014.10.24"]

1. c4 c5 2. g3 g6 3. Bg2 Bg7 4. Nc3 Nc6 5. Nf3 e6 6. d4 cxd4 7. Nb5 d5 8. cxd5
exd5 9. O-O a6 10. Nbxd4 Nge7 11. Be3 O-O 12. Qd2 Re8 13. Rfe1 Be6 14. Rac1 Rc8
15. b3 Qd7 16. Nxc6 Nxc6 17. Nd4 Ne5 18. Nxe6 fxe6 19. Bd4 Nc6 20. Bxg7 Qxg7 21.
h4 Rcd8 22. Qc3 Qf7 23. Qc5 Rf8 24. Rf1 Qf6 25. Qc3 Nd4 26. Qd2 Qe5 27. Rfe1 Qf6
28. Rf1 Qe5 29. Rfe1 Qf6 1/2-1/2

[Event "World Senior 50+ 2014"]
[Site "Katerini GRE"]
[Date "2014.10.27"]
[Round "4.17"]
[White "Patola, Eero"]
[Black "Yasin, Hur"]
[Result "0-1"]
[WhiteElo "1857"]
[BlackElo "2138"]
[WhiteFideId "504092"]
[BlackFideId "6300170"]
[EventDate "2014.10.24"]

1. e4 Nf6 2. d3 d5 3. Bg5 dxe4 4. Bxf6 gxf6 5. dxe4 Qxd1+ 6. Kxd1 Nc6 7. Bb5 Bd7
8. c3 O-O-O 9. Ke1 Ne5 10. Be2 Bc6 11. f3 Bh6 12. Nh3 Bc1 13. a4 Bxb2 14. Ra2
Bc1 15. f4 Ng6 16. f5 Ne5 17. Kf2 Bh6 18. Bf3 Rd6 19. Ke2 Rhd8 20. Nf2 Nd3 21.
Nxd3 Rxd3 22. Re1 Bf4 23. g3 Be5 24. Rc1 e6 25. fxe6 fxe6 26. Kf2 Bd6 27. Be2
Bc5+ 28. Kf1 Re3 29. Nd2 Bxe4 30. Nxe4 Rxe4 31. Rd1 Rxd1+ 32. Bxd1 f5 33. Re2
Rxe2 34. Kxe2 Kd7 35. Kf3 Kd6 36. Kf4 Ba3 37. g4 Bc1+ 38. Kf3 fxg4+ 39. Kxg4 Bd2
40. Bc2 h6 41. Kh5 Kc5 42. Bd3 e5 43. h4 Kd5 44. Kg6 e4 45. Be2 Ke5 46. h5 b6
47. Bb5 Bg5 0-1

[Event "World Senior 50+ 2014"]
[Site "Katerini GRE"]
[Date "2014.10.27"]
[Round "4.18"]
[White "Caribe Santos, Luiz Carlos"]
[Black "Sideris, Nikiforos"]
[Result "0-1"]
[WhiteElo "1590"]
[BlackElo "2017"]
[WhiteFideId "2171708"]
[BlackFideId "4204271"]
[EventDate "2014.10.24"]

1. d4 Nf6 2. c4 c5 3. e3 e6 4. Nf3 cxd4 5. exd4 d5 6. Nc3 Nc6 7. cxd5 Nxd5 8.
Be2 Be7 9. O-O O-O 10. a3 b6 11. Nxd5 Qxd5 12. Qa4 Bb7 13. Qc4 Qxc4 14. Bxc4
Rac8 15. Ba2 Rfd8 16. Be3 Bf6 17. Rad1 Na5 18. Rc1 Ba6 19. Rxc8 Rxc8 20. Rc1 Nc4
21. Bxc4 Rxc4 22. Rxc4 Bxc4 23. Ne5 Bd5 24. f4 Be7 25. Kf2 f6 26. Nf3 Kf7 27. g3
Ke8 28. Ke2 Kd7 29. Nd2 Bb7 30. Kd3 Ba6+ 31. Kc3 Kc6 32. Kb3 Kd5 33. Kc3 Be2 34.
Kc2 a5 35. Kc3 a4 36. Kc2 b5 37. Kc3 Bd8 38. Kb4 Bb6 39. b3 axb3 40. Nxb3 e5 41.
Kc3 Bc4 42. fxe5 fxe5 43. Kc2 exd4 44. Bd2 d3+ 45. Kb2 Bxb3 46. Kxb3 Bc5 47. a4
bxa4+ 48. Kxa4 Kc4 49. g4 Be7 50. h3 Bf6 51. Ka3 Bc3 52. Bf4 d2 0-1

[Event "World Senior 50+ 2014"]
[Site "Katerini GRE"]
[Date "2014.10.27"]
[Round "4.19"]
[White "Hafez, Bakr"]
[Black "Kempen, Leon"]
[Result "0-1"]
[WhiteTitle "IM"]
[BlackTitle "CM"]
[WhiteElo "2013"]
[BlackElo "1949"]
[WhiteFideId "8103607"]
[BlackFideId "3203786"]
[EventDate "2014.10.24"]

1. e4 e6 2. d4 d5 3. e5 c5 4. c3 Qb6 5. Nf3 Nc6 6. a3 c4 7. Be2 Na5 8. Nbd2 Bd7
9. O-O Ne7 10. Rb1 Qc7 11. Qe1 Ba4 12. Bd1 Bxd1 13. Qxd1 b6 14. Qa4+ Qc6 15.
Qxc6+ Nexc6 16. Ne1 Be7 17. f4 g6 18. Nc2 Nb3 19. Nf3 b5 20. Na1 Nxa1 21. Rxa1
O-O 22. Bd2 Na5 23. Rf2 Nb3 24. Raf1 a5 25. g4 f5 26. exf6 Bxf6 27. Re2 Ra6 28.
Be3 b4 29. axb4 axb4 30. h4 Rfa8 31. Bf2 Kf7 32. Rfe1 Rb6 33. Kg2 Ra1 34. Ne5+
Bxe5 35. Rxe5 Rxe1 36. Bxe1 Nc1 37. Bd2 Nd3 38. Re2 b3 39. Kf3 Ra6 40. h5 Ra2
41. Rh2 Rxb2 42. Ke3 Rb1 43. hxg6+ hxg6 44. Rh7+ Kg8 45. Re7 Ra1 46. Rxe6 Kf7 0-1

[Event "World Senior 50+ 2014"]
[Site "Katerini GRE"]
[Date "2014.10.27"]
[Round "4.20"]
[White "Auvinen, Esa"]
[Black "Pashkov, Vladimir M."]
[Result "1/2-1/2"]
[WhiteElo "1972"]
[BlackElo "1818"]
[WhiteFideId "501069"]
[BlackFideId "24194778"]
[EventDate "2014.10.24"]

1. e4 c5 2. Nf3 Nc6 3. d4 cxd4 4. Nxd4 e5 5. Nb5 d6 6. N1c3 a6 7. Na3 b5 8. Nd5
Nf6 9. Bg5 Be7 10. Nxe7 Nxe7 11. Bxf6 gxf6 12. c4 Qa5+ 13. Qd2 Qxd2+ 14. Kxd2 b4
15. Nc2 Rb8 16. b3 f5 17. Bd3 f4 18. g3 Ng6 19. a3 bxa3 20. Rxa3 O-O 21. Kc3
fxg3 22. fxg3 f5 23. exf5 Bxf5 24. Rf1 Bxd3 25. Rxf8+ Rxf8 26. Kxd3 Rf2 27. Rxa6
Rxh2 28. Rxd6 Rg2 29. c5 e4+ 30. Kc3 Rxg3+ 31. Kc4 h5 32. c6 Ne5+ 33. Kb4 Nxc6+
34. Rxc6 Kg7 35. Nd4 Rh3 36. Ka5 h4 37. b4 Ra3+ 38. Kb6 h3 39. Rc1 h2 40. Rh1
Ra2 41. Kc6 Kf6 42. b5 Ke5 43. Kc5 Rb2 44. b6 Rxb6 45. Nc6+ Rxc6+ 46. Kxc6 Kd4
47. Rxh2 Kd3 48. Kd5 e3 1/2-1/2

[Event "World Senior 50+ 2014"]
[Site "Katerini GRE"]
[Date "2014.10.27"]
[Round "4.21"]
[White "Limono, Handjojo"]
[Black "Zybura, Andre"]
[Result "1-0"]
[WhiteElo "1801"]
[BlackElo "1975"]
[WhiteFideId "7102909"]
[BlackFideId "2606208"]
[EventDate "2014.10.24"]

1. c4 b6 2. Nc3 Bb7 3. d4 e6 4. d5 f5 5. dxe6 dxe6 6. Qxd8+ Kxd8 7. Bg5+ Be7 8.
O-O-O+ Nd7 9. Nf3 Bxf3 10. Bxe7+ Nxe7 11. gxf3 c6 12. Rg1 g6 13. f4 Kc7 14. Bg2
Rad8 15. e3 Nf6 16. Bf3 Rxd1+ 17. Rxd1 Rd8 18. Rxd8 Kxd8 19. Kd2 Kc7 20. Kd3 Kd6
21. b4 h5 22. Kd4 Ng4 23. c5+ Kd7 24. Bxg4 hxg4 25. Ke5 bxc5 26. bxc5 Ng8 27.
Ne2 Ne7 28. Nd4 Nd5 29. Nxe6 Nb4 30. Nf8+ Ke8 31. Nxg6 Nxa2 32. Kxf5 Nb4 33. Ne5
a5 34. Kxg4 a4 35. Nc4 Nd3 36. Kf3 Nxc5 37. Ke2 Ne4 38. f3 Nc3+ 39. Kd2 Nb5 40.
Kc2 Ke7 41. Kb2 Ke6 42. h4 Kf5 43. h5 c5 44. Na3 Nc7 45. Nc2 Nb5 46. Na3 Nc7 47.
Kc2 1-0

[Event "World Senior 50+ 2014"]
[Site "Katerini GRE"]
[Date "2014.10.27"]
[Round "4.22"]
[White "Ferreira, Alexander"]
[Black "Lim, Kian Hwa"]
[Result "0-1"]
[WhiteElo "1657"]
[BlackElo "1787"]
[WhiteFideId "2102935"]
[BlackFideId "5700744"]
[EventDate "2014.10.24"]

1. e4 e5 2. Nf3 Nc6 3. Bc4 Be7 4. d4 d6 5. c3 Nf6 6. Ng5 O-O 7. f3 h6 8. Nxf7
Rxf7 9. Bxf7+ Kxf7 10. d5 Nb8 11. Na3 Kg8 12. Be3 Nbd7 13. Qd2 Kh7 14. O-O-O Ng8
15. Rdg1 Nf8 16. Nc2 Ng6 17. g3 Nf6 18. h4 Nh5 19. g4 Nhf4 20. g5 hxg5 21. hxg5+
Kg8 22. Ne1 Bxg5 23. Rh2 Qf6 24. Rgh1 Bd7 25. Ng2 Rf8 26. Nxf4 Bxf4 27. Bxf4
Qxf4 28. Qxf4 Rxf4 29. Rg1 Kf7 30. Rhg2 Rf6 31. Kd2 Be8 32. Ke3 Kf8 33. Rg4 b5
34. b4 Kf7 35. a3 c6 36. R1g2 cxd5 37. exd5 Bd7 38. R4g3 Bc8 39. Rg4 Bb7 40. c4
bxc4 41. Rxc4 Bxd5 42. Rc7+ Ke6 43. Rxa7 Ne7 44. Rf2 g5 45. b5 Bc4 46. a4 g4 47.
Rxe7+ Kxe7 48. f4 g3 49. fxe5 gxf2 0-1

[Event "World Senior 50+ 2014"]
[Site "Katerini GRE"]
[Date "2014.10.27"]
[Round "4.23"]
[White "Karatas, Kursat"]
[Black "Bluvshtein, Ilia"]
[Result "0-1"]
[WhiteElo "1741"]
[BlackElo "2088"]
[WhiteFideId "6336841"]
[BlackFideId "2605317"]
[EventDate "2014.10.24"]

1. e4 e5 2. Nf3 Nc6 3. Bb5 f5 4. Nc3 fxe4 5. Nxe4 Nf6 6. d3 d5 7. Ng3 Bd6 8. O-O
O-O 9. h3 Ne7 10. d4 e4 11. Nh2 c6 12. Be2 Qc7 13. Qe1 Nf5 14. Ng4 Nxg3 15. fxg3
Bxg3 16. Qd1 Bxg4 17. hxg4 h6 18. Be3 Nh7 19. Qd2 Qe7 20. g5 Nxg5 21. Bxg5 hxg5
22. Bg4 Rf4 23. Qe2 Raf8 24. c3 Qf6 25. Rxf4 gxf4 26. Rf1 Qh4 27. Bh3 Rf6 28.
Qg4 Qxg4 29. Bxg4 b5 30. Rb1 Rh6 31. Rd1 Kf7 32. Kf1 Kf6 33. Kg1 Kg5 34. Be2 Kf5
35. Rf1 g5 36. Bd1 g4 37. Be2 Kg5 38. Rd1 f3 39. gxf3 gxf3 40. Bf1 Kf4 0-1

[Event "World Senior 50+ 2014"]
[Site "Katerini GRE"]
[Date "2014.10.28"]
[Round "5.1"]
[White "Nunn, John D M"]
[Black "Kristiansen, Jens"]
[Result "1-0"]
[WhiteTitle "GM"]
[BlackTitle "GM"]
[WhiteElo "2602"]
[BlackElo "2405"]
[WhiteFideId "400017"]
[BlackFideId "1400061"]
[EventDate "2014.10.24"]

1. e4 c5 2. Nf3 d6 3. d4 cxd4 4. Nxd4 Nf6 5. Nc3 e6 6. g4 h6 7. h4 Be7 8. Qf3
Nc6 9. Nxc6 bxc6 10. g5 Nd7 11. Rg1 hxg5 12. Bxg5 Nf6 13. O-O-O d5 14. Be2 Bb7
15. Qg3 g6 16. f4 Qc7 17. Qe3 Qb6 18. Qh3 Rd8 19. e5 Nh5 20. Bxh5 Rxh5 21. Na4
Qb4 22. Qb3 Rc8 23. Bxe7 Qxe7 24. Rg4 c5 25. Nc3 Bc6 26. Qa3 Rxh4 27. Rxh4 Qxh4
28. Qxc5 Qxf4+ 29. Kb1 Qxe5 30. Nb5 Qe2 31. Rh1 Bxb5 32. Qxc8+ Ke7 33. a4 Bd7
34. Qc5+ Kf6 35. Qxa7 Qf3 36. Rh2 Qg3 37. Rf2+ Kg7 38. a5 e5 39. a6 Be6 40. Rf1
d4 41. Qc5 d3 42. a7 Qg2 43. Qf2 dxc2+ 44. Kc1 Qb7 45. Qf6+ Kh7 46. Qh4+ Kg7 47.
Rh1 Qa8 48. Qh7+ Kf6 49. Qh8+ 1-0

[Event "World Senior 50+ 2014"]
[Site "Katerini GRE"]
[Date "2014.10.28"]
[Round "5.2"]
[White "Hebden, Mark L"]
[Black "Kalegin, Evgenij"]
[Result "1-0"]
[WhiteTitle "GM"]
[BlackTitle "IM"]
[WhiteElo "2540"]
[BlackElo "2474"]
[WhiteFideId "400084"]
[BlackFideId "4103416"]
[EventDate "2014.10.24"]

1. d4 Nf6 2. Nf3 g6 3. Nc3 d5 4. Bf4 Bg7 5. Qd2 O-O 6. Bh6 Bxh6 7. Qxh6 Nc6 8.
e3 Qd6 9. Ng5 e5 10. O-O-O exd4 11. Nb5 Qe7 12. Nxd4 Ne5 13. Be2 Rd8 14. Rhe1 c5
15. Nb5 Bf5 16. f3 a6 17. Na3 b5 18. Nb1 Rac8 19. g4 Be6 20. h3 d4 21. f4 Nc6
22. f5 Nb4 23. fxe6 Nxa2+ 24. Kd2 fxe6 25. Rf1 dxe3+ 26. Kxe3 Nb4 27. Bd3 c4 28.
Be4 Nxe4 29. Nxe4 Nxc2+ 30. Ke2 Nd4+ 31. Kf2 Rf8+ 32. Kg2 Qb7 33. Nd2 Nf5 34.
Qg5 Rcd8 35. Rf3 Nd4 36. Rxf8+ Rxf8 37. Rf1 Rxf1 38. Kxf1 Qf7+ 39. Kg2 Nc6 40.
Nf3 Qe7 41. Qf4 e5 42. Qd2 Nd8 43. Qd5+ Nf7 44. Nfg5 1-0

[Event "World Senior 50+ 2014"]
[Site "Katerini GRE"]
[Date "2014.10.28"]
[Round "5.5"]
[White "Arkell, Keith C"]
[Black "Bischoff, Klaus"]
[Result "1-0"]
[WhiteTitle "GM"]
[BlackTitle "GM"]
[WhiteElo "2450"]
[BlackElo "2504"]
[WhiteFideId "400270"]
[BlackFideId "4600045"]
[EventDate "2014.10.24"]

1. d4 g6 2. g3 Bg7 3. Bg2 c5 4. d5 d6 5. Nf3 Na6 6. Nc3 Nc7 7. a4 b6 8. O-O a6
9. e4 Rb8 10. Re1 Nh6 11. e5 O-O 12. Bf4 Bg4 13. exd6 exd6 14. Ne4 Nf5 15. c3 b5
16. h3 Bxf3 17. Bxf3 Ne8 18. axb5 axb5 19. g4 Nh4 20. Bg5 Nxf3+ 21. Qxf3 Qd7 22.
Bf6 Nxf6 23. Nxf6+ Bxf6 24. Qxf6 Rfe8 25. Rxe8+ Rxe8 26. Ra6 Qe7 27. Qxe7 Rxe7
28. Kf1 Rd7 29. Rb6 g5 30. f4 gxf4 31. Kf2 Re7 32. Kf3 Re3+ 33. Kxf4 Rxh3 34.
Rxd6 Rh2 35. Rc6 Kf8 36. d6 Ke8 37. Ke5 Kd8 38. Rxc5 Rg2 39. Rxb5 Rxg4 40. Rb8+
Kd7 41. Rb7+ 1-0

[Event "World Senior 50+ 2014"]
[Site "Katerini GRE"]
[Date "2014.10.28"]
[Round "5.6"]
[White "Movsziszian, Karen"]
[Black "Madeira, Wagner Martins"]
[Result "1-0"]
[WhiteTitle "GM"]
[BlackTitle "FM"]
[WhiteElo "2487"]
[BlackElo "2207"]
[WhiteFideId "13301152"]
[BlackFideId "2100797"]
[EventDate "2014.10.24"]

1. g3 Nf6 2. Bg2 g6 3. d3 Bg7 4. f4 O-O 5. Nf3 d6 6. O-O c5 7. Nh4 Nc6 8. Nc3
Bd7 9. f5 Rb8 10. Bg5 Nd4 11. e4 b5 12. Qd2 b4 13. Nd1 a5 14. c3 bxc3 15. bxc3
Nc6 16. h3 Ne5 17. g4 Bb5 18. c4 Bc6 19. Nc3 Rb4 20. Nf3 Nxf3+ 21. Bxf3 Nd7 22.
h4 Ne5 23. Bd1 Qd7 24. a3 Rb7 25. Ra2 Rfb8 26. a4 Rb4 27. Nb5 e6 28. f6 Bf8 29.
h5 d5 30. Bf4 Bxb5 31. axb5 Qd6 32. Qh2 1-0

[Event "World Senior 50+ 2014"]
[Site "Katerini GRE"]
[Date "2014.10.28"]
[Round "5.7"]
[White "Barle, Janez"]
[Black "Heinig, Wolfram"]
[Result "1-0"]
[WhiteTitle "IM"]
[BlackTitle "FM"]
[WhiteElo "2338"]
[BlackElo "2296"]
[WhiteFideId "14600021"]
[BlackFideId "4611926"]
[EventDate "2014.10.24"]

1. e4 c6 2. d4 d5 3. exd5 cxd5 4. c4 Nf6 5. Nc3 e6 6. Nf3 Be7 7. cxd5 Nxd5 8.
Bd3 Nc6 9. O-O O-O 10. Re1 Bf6 11. Be4 Nce7 12. Ne5 Bd7 13. Qd3 g6 14. Bh6 Bg7
15. Bxg7 Kxg7 16. Rad1 Bc6 17. Nxc6 bxc6 18. Na4 Qa5 19. b3 Rad8 20. Nc5 Qb6 21.
Qg3 Qc7 22. Qh3 Nf6 23. Qxe6 Rfe8 24. Qc4 Qf4 25. Nd3 Qd6 26. Ne5 Nfd5 27. Bxd5
cxd5 28. Qd3 Nf5 29. Nf3 h5 30. g3 Qa3 31. Rxe8 Rxe8 32. Qb5 Re7 33. Rd2 Qc1+
34. Qf1 Qc3 35. Qd1 Re4 36. h4 a5 37. Kg2 Qb4 38. Qc1 a4 39. bxa4 Qxa4 40. Qc5
Ne7 41. Ne5 Qe8 42. Rb2 Nf5 43. Rb7 Rxe5 44. dxe5 Qxe5 45. Rb4 Qe1 46. Rf4 Qd2
47. a4 d4 48. Qe5+ Kg8 49. a5 Ne3+ 50. Kh3 Nf5 51. a6 Qc1 52. Kh2 1-0

[Event "World Senior 50+ 2014"]
[Site "Katerini GRE"]
[Date "2014.10.28"]
[Round "5.8"]
[White "Chapman, Terry P D"]
[Black "Bouaziz, Slim"]
[Result "1/2-1/2"]
[WhiteTitle "FM"]
[BlackTitle "GM"]
[WhiteElo "2304"]
[BlackElo "2321"]
[WhiteFideId "413399"]
[BlackFideId "5500010"]
[EventDate "2014.10.24"]

1. Nf3 Nf6 2. c4 g6 3. d4 Bg7 4. g3 c6 5. Bg2 d5 6. cxd5 cxd5 7. Nc3 O-O 8. Ne5
e6 9. O-O Nfd7 10. Nf3 Nf6 11. Ne5 Nfd7 12. Nf3 Nf6 13. Bf4 Nc6 14. Ne5 Bd7 15.
Nxc6 Bxc6 16. Qd3 Rc8 17. Rfc1 Nh5 18. Be3 f5 19. Qd2 Qd6 20. Bf4 Nxf4 21. gxf4
Qb4 1/2-1/2

[Event "World Senior 50+ 2014"]
[Site "Katerini GRE"]
[Date "2014.10.28"]
[Round "5.9"]
[White "Furman, Boris"]
[Black "Shevelev, Arkady"]
[Result "1/2-1/2"]
[WhiteTitle "FM"]
[BlackTitle "IM"]
[WhiteElo "2152"]
[BlackElo "2295"]
[WhiteFideId "4107187"]
[BlackFideId "2802163"]
[EventDate "2014.10.24"]

1. d4 Nf6 2. c4 c5 3. d5 b5 4. cxb5 a6 5. bxa6 Bxa6 6. Nc3 d6 7. e4 Qa5 8. Bxa6
Nxa6 9. e5 dxe5 10. Nf3 Nd7 11. O-O g6 12. d6 e6 13. Ng5 Bg7 14. Qf3 O-O 15. Qh3
h6 16. Nxe6 fxe6 17. Qxe6+ Kh7 18. Qxd7 Nb4 19. Ne4 Nc2 20. Bd2 Qa6 21. Nxc5 Qc8 1/2-1/2

[Event "World Senior 50+ 2014"]
[Site "Katerini GRE"]
[Date "2014.10.28"]
[Round "5.10"]
[White "Stepovoj, Vladimir"]
[Black "Gamback, Bjorn"]
[Result "1-0"]
[WhiteTitle "IM"]
[WhiteElo "2323"]
[BlackElo "2109"]
[WhiteFideId "4120159"]
[BlackFideId "1703161"]
[EventDate "2014.10.24"]

1. c4 g6 2. d4 Nf6 3. g3 Bg7 4. Bg2 d5 5. cxd5 Nxd5 6. Nf3 O-O 7. O-O c6 8. e4
Nc7 9. Nc3 Bg4 10. Be3 Qc8 11. Qb3 Nd7 12. h3 Bxf3 13. Bxf3 Rd8 14. Rfd1 Nf8 15.
Rac1 Qxh3 16. Qxb7 Qd7 17. Na4 Nb5 18. Qxd7 Rxd7 19. e5 Rad8 20. Rc4 Bxe5 21.
Bxc6 Rxd4 22. Bxd4 Rxd4 23. Rdxd4 Nxd4 24. Bd5 Nfe6 25. Bxe6 Nxe6 26. b4 Nc7 27.
Nc5 f5 28. f4 Bg7 29. Nd7 Nb5 30. Ne5 Nd6 31. Rc7 g5 32. Rxa7 gxf4 33. Ra8+ Bf8
34. gxf4 Nf7 35. Nd7 1-0

[Event "World Senior 50+ 2014"]
[Site "Katerini GRE"]
[Date "2014.10.28"]
[Round "5.11"]
[White "Habibi, Ali"]
[Black "Sideris, Nikiforos"]
[Result "1/2-1/2"]
[WhiteTitle "IM"]
[WhiteElo "2247"]
[BlackElo "2017"]
[WhiteFideId "4604393"]
[BlackFideId "4204271"]
[EventDate "2014.10.24"]

1. g3 c5 2. c4 g6 3. Bg2 Bg7 4. Nc3 Nc6 5. e3 e6 6. Nge2 Nge7 7. O-O O-O 8. Rb1
d5 9. b3 d4 10. Na4 b6 11. exd4 cxd4 12. d3 Bb7 13. b4 Rc8 14. Bd2 Qd7 15. f4
Nf5 16. b5 Nd8 17. Bxb7 Nxb7 18. Rf3 h5 19. Qe1 Rfe8 20. Qf2 Qe7 21. Rb3 Rcd8
22. Bb4 Nc5 23. h3 e5 24. Nxc5 bxc5 25. Ba5 Ra8 26. fxe5 Bxe5 27. Bd2 Ne3 28.
Bxe3 dxe3 29. Qg2 Bc7 30. Rf1 Qe5 31. h4 Ba5 32. Qb7 Qe7 33. Qf3 Rad8 34. Kg2 1/2-1/2

[Event "World Senior 50+ 2014"]
[Site "Katerini GRE"]
[Date "2014.10.28"]
[Round "5.12"]
[White "Kempen, Leon"]
[Black "Frick, Christoph"]
[Result "1/2-1/2"]
[WhiteTitle "CM"]
[WhiteElo "1949"]
[BlackElo "2241"]
[WhiteFideId "3203786"]
[BlackFideId "4607090"]
[EventDate "2014.10.24"]

1. d4 g6 2. c4 Bg7 3. e4 d6 4. Nc3 Nc6 5. Be3 e5 6. Nge2 Nh6 7. f3 f5 8. d5 Ne7
9. Qd2 Nf7 10. Nc1 O-O 11. Nd3 c5 12. b4 b6 13. a4 Bd7 14. Be2 f4 15. Bf2 g5 16.
Ra3 h5 17. Qa2 Rb8 18. Kd2 g4 19. Rb1 Ng5 20. bxc5 bxc5 21. Rxb8 Qxb8 22. Rb3
Qc7 23. Be1 Bc8 24. a5 Qd7 25. Qa4 Qc7 26. Nb5 Qd7 27. Nc3 Qc7 28. Nb5 1/2-1/2

[Event "World Senior 50+ 2014"]
[Site "Katerini GRE"]
[Date "2014.10.28"]
[Round "5.13"]
[White "Alexakis, Dimitrios"]
[Black "Ismail, Ahmad"]
[Result "1-0"]
[WhiteElo "2224"]
[BlackElo "2075"]
[WhiteFideId "4200527"]
[BlackFideId "5700655"]
[EventDate "2014.10.24"]

1. e4 d5 2. exd5 Nf6 3. Bb5+ Bd7 4. Be2 Nxd5 5. d4 g6 6. Nf3 Bg7 7. O-O O-O 8.
c4 Nf6 9. Nc3 Bf5 10. h3 c6 11. Be3 Na6 12. a3 Ne4 13. Nxe4 Bxe4 14. Qd2 Re8 15.
Ng5 Bf5 16. f4 c5 17. d5 Qb6 18. g4 h6 19. Nxf7 Qxb2 20. Nxh6+ Kh7 21. Qxb2 Bxb2
22. Ra2 Bf6 23. Nxf5 gxf5 24. Bd3 Kg7 25. Bxf5 Rh8 26. g5 Bc3 27. Rc2 Raf8 28.
Bg4 Ba5 29. Bd2 Bxd2 30. Rxd2 Nc7 31. d6 exd6 32. Rxd6 Rf7 33. f5 1-0

[Event "World Senior 50+ 2014"]
[Site "Katerini GRE"]
[Date "2014.10.28"]
[Round "5.14"]
[White "Nikolaidis, Konstantinos"]
[Black "Limono, Handjojo"]
[Result "1/2-1/2"]
[WhiteTitle "FM"]
[WhiteElo "2178"]
[BlackElo "1801"]
[WhiteFideId "4200578"]
[BlackFideId "7102909"]
[EventDate "2014.10.24"]

1. e4 c6 2. d4 d5 3. e5 Bf5 4. Nd2 h6 5. Nb3 e6 6. Nf3 Nd7 7. a4 a5 8. Be2 Ne7
9. O-O Bh7 10. Ne1 c5 11. Nxc5 Nxc5 12. dxc5 Nc6 13. Bb5 Bxc5 14. Qg4 Kf8 15.
Bf4 Qc7 16. Nf3 1/2-1/2